[Event "BRA-ch U20"]
[Site "Sao Paulo"]
[Date "2012.06.09"]
[Round "5"]
[White "Cruz, Arquias Sofocles"]
[Black "E Silva, Hamilton Moreira"]
[Result "1/2-1/2"]
[WhiteElo "1838"]
[BlackElo "1939"]
[PlyCount "129"]
[EventDate "2012.06.07"]
[EventType "swiss"]
[EventRounds "7"]
[EventCountry "BRA"]
[SourceTitle "EXT 2014"]
[Source "ChessBase"]
[SourceDate "2013.11.20"]
[SourceVersion "1"]
[SourceVersionDate "2013.11.20"]
[SourceQuality "1"]

1. e4 c5 2. Nf3 a6 3. c4 Nc6 4. d4 cxd4 5. Nxd4 e6 6. Be3 Qc7 7. Nc3 Nf6 8. Rc1 Bb4 9. f3 d5 10. Nxc6 bxc6 11. Bd3 0-0 12. 0-0 Rd8 13. cxd5 Bxc3 14. bxc3 cxd5 15. Qc2 h6 16. Rb1 Nd7 17. exd5 exd5 18. Bh7+ Kh8 19. Rfd1 Qc6 20. Bf5 Nc5 21. Bxc8 Raxc8 22. Qf5 Qe6 23. Qf4 Re8 24. Bd4 f6 25. Bxc5 Rxc5 26. Re1 Qxe1+ 27. Rxe1 Rxe1+ 28. Kf2 Ra1 29. Qb8+ Kh7 30. Qb2 Rh1 31. h3 Rb5 32. Qc2+ Kh8 33. Qa4 Rb2+ 34. Kg3 Re1 35. Qxa6 Re5 36. Qc8+ Kh7 37. f4 Re3+ 38. Kh2 h5 39. Qf5+ Kh6 40. Qxd5 Rxc3 41. Qa8 Rcc2 42. a4 Ra2 43. Qe4 Rcb2 44. f5 Rf2 45. a5 Rfb2 46. Qf4+ Kh7 47. Qf3 Rb8 48. Qd5 Ra1 49. Kg3 Re8 50. Qf7 Re5 51. Qxh5+ Kg8 52. Qf3 Raxa5 53. Kg4 Ra4+ 54. Kg3 Raa5 55. Qh5 Ra3+ 56. Kh2 Ree3 57. Qg4 Re5 58. Qc4+ Kh7 59. Qh4+ Kg8 60. Qc4+ Kf8 61. Qc8+ Ke7 62. Qc7+ Kf8 63. Qd8+ Kf7 64. Qc7+ Kg8 65. Qc4+ 1/2-1/2

[Event "BRA-ch U20"]
[Site "Sao Paulo"]
[Date "2012.06.08"]
[Round "4"]
[White "E Silva, Hamilton Moreira"]
[Black "Martins, Anderson Donay"]
[Result "0-1"]
[WhiteElo "1939"]
[BlackElo "1946"]
[PlyCount "56"]
[EventDate "2012.06.07"]
[EventType "swiss"]
[EventRounds "7"]
[EventCountry "BRA"]
[SourceTitle "EXT 2014"]
[Source "ChessBase"]
[SourceDate "2013.11.20"]
[SourceVersion "1"]
[SourceVersionDate "2013.11.20"]
[SourceQuality "1"]

1. e4 c5 2. Nf3 d6 3. d4 cxd4 4. Nxd4 Nf6 5. Nc3 a6 6. Be2 e6 7. Be3 Be7 8. f4 Qc7 9. 0-0 0-0 10. Kh1 b5 11. a3 Bb7 12. Bf3 Nbd7 13. Qe2 Rac8 14. g4 Nc5 15. Bg1 d5 16. exd5 Nxd5 17. Nxd5 exd5 18. Nf5 Ne4 19. Bd4 f6 20. c3 Rce8 21. Be3 Bc5 22. Qd3 Bxe3 23. Nxe3 Qxf4 24. Nxd5 Qg5 25. Nb4 Qh4 26. Kg1 Rd8 27. Qe3 Rd2 28. Qf4 g5 0-1

[Event "BRA-ch U20"]
[Site "Sao Paulo"]
[Date "2012.06.07"]
[Round "2"]
[White "E Silva, Hamilton Moreira"]
[Black "Proudian, Armen"]
[Result "1/2-1/2"]
[WhiteElo "1939"]
[BlackElo "2147"]
[PlyCount "89"]
[EventDate "2012.06.07"]
[EventType "swiss"]
[EventRounds "7"]
[EventCountry "BRA"]
[SourceTitle "EXT 2014"]
[Source "ChessBase"]
[SourceDate "2013.11.20"]
[SourceVersion "1"]
[SourceVersionDate "2013.11.20"]
[SourceQuality "1"]

1. d4 Nf6 2. c4 e6 3. g3 Bb4+ 4. Bd2 a5 5. Bg2 d6 6. a3 Bxd2+ 7. Nxd2 e5 8. Ngf3 Nc6 9. d5 Nb8 10. b4 0-0 11. 0-0 Nbd7 12. Qc2 c5 13. dxc6 bxc6 14. Ng5 Bb7 15. Nb3 axb4 16. axb4 h6 17. Ne4 Nxe4 18. Bxe4 Rxa1 19. Rxa1 Qb6 20. Qd2 Nf6 21. Bg2 d5 22. c5 Qc7 23. Ra7 Ra8 24. Qa2 Qb8 25. Ra5 Rxa5 26. Qxa5 Bc8 27. Qb6 Qxb6 28. cxb6 Nd7 29. Na5 Nb8 30. b5 cxb5 31. Bxd5 Be6 32. Bg2 b4 33. Nc6 b3 34. Be4 Nxc6 35. Bxc6 b2 36. Be4 Bd5 37. Bb1 Kf8 38. Kf1 Ke7 39. Ke1 Kd6 40. Kd2 Kc5 41. Kc3 Kxb6 42. Kxb2 Kc5 43. Kc3 Bc4 44. e3 f6 45. Bc2 1/2-1/2

[Event "Belo Horizonte IRT 5th"]
[Site "Belo Horizonte"]
[Date "2012.05.12"]
[Round "6"]
[White "E Silva, Hamilton Moreira"]
[Black "Gomes, Carlos Henrique Cal"]
[Result "1/2-1/2"]
[WhiteElo "1939"]
[BlackElo "1904"]
[PlyCount "121"]
[EventDate "2012.05.07"]
[EventType "swiss"]
[EventRounds "7"]
[EventCountry "BRA"]
[SourceTitle "EXT 2022"]
[Source "ChessBase"]
[SourceDate "2021.10.06"]
[SourceVersion "1"]
[SourceVersionDate "2021.10.06"]
[SourceQuality "1"]

1. e4 c6 2. d4 d5 3. Nc3 dxe4 4. Nxe4 Bf5 5. Ng3 Bg6 6. h4 h6 7. Nh3 e6 8. Bc4 Na6 9. Nf4 Bh7 10. 0-0 Nc7 11. Re1 Qxh4 12. d5 0-0-0 13. Qf3 exd5 14. Bf1 Nf6 15. c3 Bc5 16. Be3 Bxe3 17. fxe3 Ne4 18. Nh1 Nd2 19. Qh5 Qxh5 20. Nxh5 Ne6 21. Be2 Bg6 22. Nf4 Nxf4 23. exf4 Ne4 24. Bg4+ Kb8 25. Nf2 Nxf2 26. Kxf2 Be4 27. c4 f5 28. Be2 dxc4 29. Bxc4 Rd2+ 30. Re2 Rxe2+ 31. Kxe2 Rd8 32. Ke3 Rd6 33. g4 g6 34. Rg1 h5 35. gxh5 gxh5 36. Rg8+ Kc7 37. Rh8 b5 38. Be2 Rg6 39. Rxh5 Rg1 40. Rh2 Ra1 41. a3 Rb1 42. Bh5 c5 43. Be8 Kb6 44. Bf7 Re1+ 45. Kf2 Rc1 46. Ke3 Rc2 47. Rxc2 Bxc2 48. Kd2 Be4 49. Kc3 a5 50. b4 axb4+ 51. axb4 c4 52. Be8 Bc6 53. Bg6 Bd7 54. Kd4 Kc6 55. Bf7 Kd6 56. Bg6 Ke7 57. Bh5 Kf6 58. Bf3 Kg6 59. Kc3 Kg7 60. Kd4 Kh6 61. Kc3 1/2-1/2

[Event "Belo Horizonte IRT 5th"]
[Site "Belo Horizonte"]
[Date "2012.05.08"]
[Round "2"]
[White "E Silva, Hamilton Moreira"]
[Black "Dos Santos, Maicon Ferreira"]
[Result "0-1"]
[WhiteElo "1939"]
[BlackElo "2022"]
[PlyCount "72"]
[EventDate "2012.05.07"]
[EventType "swiss"]
[EventRounds "7"]
[EventCountry "BRA"]
[SourceTitle "EXT 2022"]
[Source "ChessBase"]
[SourceDate "2021.10.06"]
[SourceVersion "1"]
[SourceVersionDate "2021.10.06"]
[SourceQuality "1"]

1. d4 Nf6 2. c4 e6 3. Nc3 Bb4 4. Nf3 b6 5. e3 Bb7 6. Bd3 Ne4 7. Qc2 Bxc3+ 8. bxc3 f5 9. 0-0 0-0 10. Nd2 Qh4 11. f3 Ng5 12. e4 Rf6 13. Rf2 Rg6 14. g3 Qh5 15. exf5 Nh3+ 16. Kf1 exf5 17. Bxf5 Nxf2 18. Bxg6 hxg6 19. Kxf2 Qxh2+ 20. Ke3 Qxg3 21. Ne4 Bxe4 22. Qxe4 Nc6 23. Qd5+ Kh7 24. Bd2 Re8+ 25. Kd3 Qh3 26. Bf4 Rf8 27. Qe4 Nd8 28. Rg1 Rf5 29. Bxc7 Ne6 30. Bb8 Ng5 31. Qg4 Rxf3+ 32. Kc2 Rxc3+ 33. Kb2 Qd3 34. Rg2 Rxc4 35. a3 Rc3 36. Bd6 Rb3+ 0-1

[Event "BRA-ch U18"]
[Site "Catanduva"]
[Date "2010.06.03"]
[Round "2.2"]
[White "Shumyatsky, Victor"]
[Black "E Silva, Hamilton Moreira"]
[Result "1-0"]
[WhiteElo "1813"]
[BlackElo "1960"]
[PlyCount "37"]
[EventDate "2010.06.03"]
[EventType "swiss"]
[EventRounds "7"]
[EventCountry "BRA"]
[SourceTitle "EXT 2022"]
[Source "ChessBase"]
[SourceDate "2021.10.06"]
[SourceVersion "1"]
[SourceVersionDate "2021.10.06"]
[SourceQuality "1"]

1. Nf3 Nf6 2. c4 d5 3. cxd5 Nxd5 4. e4 Nb4 5. d4 c5 6. a3 N4a6 7. d5 e6 8. Nc3 Be7 9. Bc4 0-0 10. 0-0 Nc7 11. Bf4 exd5 12. Nxd5 Ne6 13. Nxe7+ Qxe7 14. Bd6 Qf6 15. e5 Qg6 16. Bxe6 Bxe6 17. Bxf8 Nd7 18. Bd6 Rd8 19. Kh1 1-0